<?xml version="1.0" encoding="UTF-8"?>
<record
    xmlns:xsi="http://www.w3.org/2001/XMLSchema-instance"
    xsi:schemaLocation="http://www.loc.gov/MARC21/slim http://www.loc.gov/standards/marcxml/schema/MARC21slim.xsd"
    xmlns="http://www.loc.gov/MARC21/slim">

  <leader>     nam a22     7a 4500</leader>
  <datafield tag="999" ind1=" " ind2=" ">
    <subfield code="c">336452</subfield>
    <subfield code="d">336452</subfield>
  </datafield>
  <controlfield tag="003">IT-MiCISF</controlfield>
  <controlfield tag="005">20170228144045.0</controlfield>
  <controlfield tag="008">170228b        xxu||||| |||| 00| 0 eng d</controlfield>
  <datafield tag="040" ind1=" " ind2=" ">
    <subfield code="c">IT-MiCISF</subfield>
  </datafield>
  <datafield tag="041" ind1=" " ind2=" ">
    <subfield code="a">it</subfield>
  </datafield>
  <datafield tag="100" ind1=" " ind2=" ">
    <subfield code="a">D'Incalci Laura</subfield>
    <subfield code="9">56208</subfield>
  </datafield>
  <datafield tag="245" ind1=" " ind2=" ">
    <subfield code="a">A cavallo sono un re</subfield>
    <subfield code="b">Storie oltre i limiti</subfield>
  </datafield>
  <datafield tag="260" ind1=" " ind2=" ">
    <subfield code="a">Cinisello B. (MI)</subfield>
    <subfield code="b">San Paolo</subfield>
    <subfield code="c">2014</subfield>
  </datafield>
  <datafield tag="300" ind1=" " ind2=" ">
    <subfield code="a">pp. 139</subfield>
  </datafield>
  <datafield tag="500" ind1=" " ind2=" ">
    <subfield code="a">handicap, associazioni, esperienze</subfield>
  </datafield>
  <datafield tag="501" ind1=" " ind2=" ">
    <subfield code="a">ll volume racconta storie vere di disabilit&#xE0;: da quelle derivanti da incidenti stradali o sul lavoro a quelle dovute a errori umani o a malattie invalidanti. In s&#xE9; sono storie che normalmente "non fanno notizia&#x201D;, ma sono straordinarie per quanto rivelano della vita, del suo senso e valore. Dice l'Autrice: &#xAB;Ogni occasione di incontro, ogni dialogo con i protagonisti dei racconti ha suscitato in me soprattutto stupore: del tutto eccezionale &#xE8; stato poter entrare nella vita degli altri, varcare la soglia di un'umanit&#xE0; provata, visitata dal dolore e da contraddizioni a volte laceranti, rivelata senza reticenze, con il cuore oltre che con le parole, a volte bagnate di lacrime. E come in ogni vera avventura, il significato di quel che incontravo e che ho cercato di trasmettere, mi si svelava di volta in volta come una sorpresa, rinnovando un sentimento che, ben oltre la semplice curiosit&#xE0;, ridestava nuove attese, una inesauribile e luminosa promessa&#xBB;. Un viaggio straordinario nelle storie vere della disabilit&#xE0;.</subfield>
  </datafield>
  <datafield tag="650" ind1=" " ind2=" ">
    <subfield code="a">handicap</subfield>
    <subfield code="9">56194</subfield>
  </datafield>
  <datafield tag="654" ind1=" " ind2=" ">
    <subfield code="a">testimonianza</subfield>
  </datafield>
  <datafield tag="942" ind1=" " ind2=" ">
    <subfield code="2">ddc</subfield>
    <subfield code="c">BK</subfield>
  </datafield>
  <datafield tag="952" ind1=" " ind2=" ">
    <subfield code="0">0</subfield>
    <subfield code="1">0</subfield>
    <subfield code="2">ddc</subfield>
    <subfield code="4">0</subfield>
    <subfield code="6">A_2194_000000000000000</subfield>
    <subfield code="7">1</subfield>
    <subfield code="a">CISF</subfield>
    <subfield code="b">CISF</subfield>
    <subfield code="d">2017-02-28</subfield>
    <subfield code="l">0</subfield>
    <subfield code="o">a2194</subfield>
    <subfield code="p">9788821591518</subfield>
    <subfield code="r">2017-02-28 00:00:00</subfield>
    <subfield code="w">2017-02-28</subfield>
    <subfield code="y">BK</subfield>
  </datafield>
</record>
